Mobil'naja operacionnaja sistema MOS ES

Na minha lista:
Detalhes bibliográficos
Autor principal: Orlov, Vladimir Nikolajevič
Outros Autores: Blažnov, Valerij Jur'jevič, Barvin, Oleg Anatol'jevič
Formato: Livro
Idioma:russo
Publicado em: Moskva Finansy i statistika 1990
Edição:1. izd.
Tags: Adicionar Tag
Sem tags, seja o primeiro a adicionar uma tag!

MARC

LEADER 00000nam a2200000 4500
001 c034005
005 20221215135608.2
041 0 |a rus 
044 |a RU 
245 1 0 |a Mobil'naja operacionnaja sistema MOS ES  |c Vladimir Nikolajevič Orlov, Valerij Jur'jevič Blažnov, Oleg Anatol'jevič Barvin 
250 |a 1. izd. 
264 1 |a Moskva  |b Finansy i statistika  |c 1990 
300 |a 207 s. 
100 1 |a Orlov, Vladimir Nikolajevič 
700 1 |a Blažnov, Valerij Jur'jevič 
700 1 |a Barvin, Oleg Anatol'jevič